Glosario de ecología y afines : Inglés-Español /

La mayor parte de las publicaciones sobre temas de ecología aparecen redactados en lengua inglesa. El presente glosario, con sus más de 9.000 términos, pretende ayudar a precisar las voces de un tema fundamental de nuestro tiempo. Dos apéndices enriquecen este diccionario. En el primero se recogen l...

Descripción completa

Detalles Bibliográficos
Autor principal: Steel, Brian
Formato: Libro
Lenguaje:español
Publicado: Madrid Istmo 1994
Colección:Materiales
Materias:

MARC

LEADER 00000cam a2200000 a 4500
001 038454
003 UAHC_CL
005 20170803124245.0
008 080320s1994 sp 000 spa
020 |z 847090288A 
040 |a UAHC_CL  |c UAHC_CL  |d UAHC_CL 
082 0 4 |a 574.503  |b S813  |2 20 
100 1 |a Steel, Brian 
245 1 0 |a Glosario de ecología y afines :  |b Inglés-Español /  |c Brian Steel. 
260 |b Istmo  |a Madrid  |c 1994 
300 |a 447 p. 
490 0 |a Materiales 
520 |a La mayor parte de las publicaciones sobre temas de ecología aparecen redactados en lengua inglesa. El presente glosario, con sus más de 9.000 términos, pretende ayudar a precisar las voces de un tema fundamental de nuestro tiempo. Dos apéndices enriquecen este diccionario. En el primero se recogen las voces que por diferencias estructurales podrían provocar fácilmente errores de traducción. En el segundo se recogen de forma alfabética todos los aditivos alimentarios que se han mencionado en el glosario. 
650 4 |a CIENCIAS DEL MEDIO AMBIENTE  |v DICCIONARIOS  |x INGLES 
650 4 |a ECOLOGIA  |v DICCIONARIOS  |x ESPAÑOL 
650 4 |a ECOLOGIA  |v DICCIONARIOS  |x INGLES 
650 4 |a CIENCIAS DEL MEDIO AMBIENTE  |v DICCIONARIOS  |x ESPAÑOL 
653 |a INGENIERIA DE EJECUCION EN GESTION AMBIENTAL 
900 |a R.574.503 STE 
942 |c BK 
952 |0 0  |1 0  |4 0  |6 R__574_503000000000000_STE  |7 0  |8 Referencia  |9 73559  |a BC  |b BC  |c Referencia  |d 2017-08-03  |l 0  |o R.574.503 STE  |p 1362255  |r 2025-11-27 00:00:00  |t 1  |w 2017-08-03  |y BK 
952 |0 0  |1 0  |4 0  |6 R__574_503000000000000_STE  |7 0  |8 Referencia  |9 73560  |a BC  |b BC  |c Referencia  |d 2017-08-03  |l 0  |o R.574.503 STE  |p 1362256  |r 2025-11-27 00:00:00  |t 2  |w 2017-08-03  |y BK 
999 |c 38454  |d 38454